000 00626nam a2200193Ia 4500
005 20250508163303.0
008 008 250505s9999 xx 000 0 eng d
037 _aTheses
040 _aFEDL
_beng
_cFEDL
041 _aeng
_2eng
084 _a370.15, MAS/TH
_qFEDL
100 _aMassey Meera
_9775051
245 0 _aStudy of the effects of training in the formulation and usage of behavioural objectives on the classroom verbal behaviour of inservice teachers
260 _c1981
300 _a553p.
546 _aPH.D Thesis (H P University)
942 _cTH
_h370.15, MAS/TH
999 _c1382055
_d1382055